Statistiche per Quiz di Capitali di Stato USA

Clicka qui per fare il quiz!

Statistiche generali

  • Questo quiz è stato fatto 74 volte
    (34 dall'ultimo reset)
  • Il punteggio medio è 24 su 50

Statistiche sulle risposte

Stato Capitale % Corretto
CaliforniaSacramento
93%
MassachusettsBoston
89%
ColoradoDenver
82%
GeorgiaAtlanta
79%
HawaiiHonolulu
75%
IndianaIndianapolis
75%
OklahomaOklahoma City
68%
IllinoisSpringfield
64%
UtahSalt Lake City
64%
Nuovo YorkAlbany
64%
ArizonaPhoenix
61%
AlaskaJuneau
57%
MontanaHelena
57%
OregonSalem
57%
TexasAustin
57%
MississippiJackson
57%
LouisianaBaton Rouge
54%
Nord DakotaBismarck
50%
Nuovo MessicoSanta Fe
50%
AlabamaMontgomery
50%
MarylandAnnapolis
50%
IowaDes Moines
50%
IdahoBoise
50%
VirginiaRichmond
46%
ArkansasLittle Rock
46%
Rhode IsolaProvidence
46%
DelawareDover
46%
FloridaTallahassee
46%
NebraskaLincoln
43%
Carolina del SudColumbia
39%
Carolina del NordRaleigh
39%
Virginia dell'OvestCharleston
39%
KentuckyFrankfort
39%
ConnecticutHartford
39%
TennesseeNashville
39%
Sud DakotaPierre
36%
KansasTopeka
36%
NevadaCarson City
36%
MaineAugusta
36%
WashingtonOlimpia
32%
WyomingCheyenne
32%
Nuovo MagliaTrenton
32%
MichiganLansing
32%
MissouriJefferson City
29%
WisconsinMadison
29%
Nuovo HampshireConcord
29%
VermontMontpelier
25%
PennsylvaniaHarrisburg
21%
OhioColombo
11%
MinnesotaSan Paolo
7%

Distribuzione punteggi

Percentile per numero di risposta

Percentuale di utenti per punteggio

I tuoi punteggi nel tempo

Non hai fatto questo quiz dall'ultimo reset